00593cam a2200205u 45000010008000000030009000080050017000170080041000340100017000750400024000920500021001160820016001371000043001532450037001962460052002332600039002853000033003246500011003577000019003689375442BDDh-ASL20231015025723.0821029t19631962nyuab 000 0 eng  a 62012740  aDLCcCarPdBDDh-ASL00aBP50b.S693 1963 a297.01bSOI1 aSourdel, Dominique. [from old catalog]00aIslam / cby Dominique Sourdel.  aDocteur es lettres, translated by Douglas Scott aNew York:bWalker, c[1963, c1962] a155 p.bmap, diagrs.c21 cm. 0aIslam.1 aScott, Douglas